La constitución de 1857 : (Record no. 11182)

MARC details
000 -CABECERA
campo de control de longitud fija 00692nam a2200205 a 4500
005 - FECHA Y HORA DE LA ÚLTIMA TRANSACCIÓN
campo de control 20240430063821.0
008 - ELEMENTOS DE LONGITUD FIJA--INFORMACIÓN GENERAL
campo de control de longitud fija 991125s1957 mx 000 0 spa u
035 ## - NÚMERO DE CONTROL DEL SISTEMA
Número de control de sistema UPN01000011182
049 ## - COLECCIÓN
Colección CG
050 #4 - SIGNATURA TOPOGRÁFICA DE LA BIBLIOTECA DEL CONGRESO
Número de clasificación JL1215
Número de documento/Ítem M6.3
100 1# - ASIENTO PRINCIPAL--NOMBRE PERSONAL
Nombre de persona Morales Jiménez, Alberto
9 (RLIN) 29386
245 13 - MENCIÓN DE TÍTULO
Título La constitución de 1857 :
Resto del título ensayo histórico jurídico : v.1 /
Mención de responsabilidad, etc. Alberto Morales Jiménez.
260 ## - PUBLICACIÓN, DISTRIBUCIÓN, ETC.
Lugar de publicación, distribución, etc. México :
Nombre del editor, distribuidor, etc. Instituto Nacional de la Juventud Mexicana,
Fecha de publicación, distribución, etc. 1957.
300 ## - DESCRIPCIÓN FÍSICA
Extensión 185 p.
500 ## - NOTA GENERAL
Nota general Disponible en la Colección Medina
610 14 - ASIENTO SECUNDARIO DE MATERIA - NOMBRE CORPORATIVO
Nombre de entidad corporativa o nombre de jurisdicción como elemento de entrada México
Título de la obra Constitución (1857)
9 (RLIN) 27639
650 #4 - ASIENTO SECUNDARIO DE MATERIA - TERMINO TEMATICO
Término de materia o nombre geográfico como elemento de entrada CONSTITUCIONES
9 (RLIN) 10178
651 #4 - ASIENTO SECUNDARIO DE MATERIA - NOMBRE GEOGRAFICO
Nombre geográfico México
Subdivisión general Historia constitucional
9 (RLIN) 4597
905 ## - TIPO DE MATERIAL
Tipo de material Libro
Holdings
Estado de retiro Estado de pérdida Fuente del sistema de clasificación o colocación Estado dañado No para préstamo Código de colección Localización permanente Ubicación/localización actual Ubicación en estantería Fecha de adquisición Clasificación Código de barras Fecha visto por última vez Número de copia Tipo de ítem Koha
    Library of Congress Classification   Disponible (Préstamo en sala) Colección Medina Bib. Gregorio Torres Quintero Bib. Gregorio Torres Quintero Colecciones especiales Planta alta 30/01/2023 JL1215 M6.3 101415 31/12/2020 1 Libro